000 00470nmm a2200169Ia 4500
008 251105s9999||||xx |||||||||||||||||und||
020 _a9788498958492
041 _aspa
100 _aAnguiano, César
245 0 _aLa sangre y las cenizas
264 _a[Madrid, España] :
_bVisor Libros,
_c2013
300 _a91 páginas
490 _aVisor de Poesía
650 _aLatin American poetry
856 _uhttps://public.digitaliapublishing.com/a/41527
942 _cCF
999 _c92312
_d92312